Rozborová činnosť a vnútropodnikový chozrasčot seminár

Gespeichert in:
Bibliographische Detailangaben
Format: Buch
Sprache:Slowakisch
Veröffentlicht: Bratislava Dom techniky ČSVTS 1984
Tags: Tag hinzufügen
Keine Tags, Fügen Sie das erste Tag hinzu!

MARC

LEADER 00000nam a2200000 4500
001 c113692
005 20041019155156.4
041 0 |a slo 
044 |a SK 
245 1 0 |a Rozborová činnosť a vnútropodnikový chozrasčot  |b seminár 
264 1 |a Bratislava  |b Dom techniky ČSVTS  |c 1984 
300 |a 61 s.